Creating Citycenter : (Record no. 352651)
[ view plain ]
| 000 -LEADER | |
|---|---|
| fixed length control field | 00549 a2200169 4500 |
| 003 - CONTROL NUMBER IDENTIFIER | |
| control field | OSt |
| 005 - DATE AND TIME OF LATEST TRANSACTION | |
| control field | 20240321092408.0 |
| 008 - FIXED-LENGTH DATA ELEMENTS--GENERAL INFORMATION | |
| fixed length control field | 120524t xxu||||| |||| 00| 0 eng d |
| 040 ## - CATALOGING SOURCE | |
| Transcribing agency | 0 |
| 082 ## - DEWEY DECIMAL CLASSIFICATION NUMBER | |
| Classification number | 720.47 |
| 245 ## - TITLE STATEMENT | |
| Title | Creating Citycenter : |
| Remainder of title | MGM Mirages urbane and sustainable city with in a city redefine las vegas. |
| 260 ## - PUBLICATION, DISTRIBUTION, ETC. | |
| Place of publication, distribution, etc. | Las Vegas: |
| Name of publisher, distributor, etc. | Gensler . |
| Date of publication, distribution, etc. | [ N. d ]. |
| 300 ## - PHYSICAL DESCRIPTION | |
| Extent | 26p.: |
| Other physical details | ill.; |
| Dimensions | 28cm . |
| 650 0# - SUBJECT ADDED ENTRY--TOPICAL TERM | |
| Topical term or geographic name entry element | Architectural design |
| 9 (RLIN) | 31720 |
| 942 ## - ADDED ENTRY ELEMENTS (KOHA) | |
| Institution code [OBSOLETE] | SADA |
| Koha item type | Book |
| Call number prefix | 720.47 CRE |
| Source of classification or shelving scheme | |
| Withdrawn status | Lost status | Source of classification or shelving scheme | Damaged status | Not for loan | Permanent Location | Current Location | Date acquired | Total Checkouts | Full call number | Barcode | Date last seen | Price effective from | Koha item type |
|---|---|---|---|---|---|---|---|---|---|---|---|---|---|
| School of Art Design and Architecture (SADA) | School of Art Design and Architecture (SADA) | 02/10/2011 | 720.47 CRE | SADA0000598 | 08/05/2011 | 08/05/2011 | Book |
